000
00335nam a22001457a 4500
003
MPLRDC
005
20220104114447.0
008
210129b ||||| |||| 00| 0 eng d
082
_a
947.411 QTZH v.2
100
_a
前田真宏
245
_a
叮噹小恐龙. 下
_c
300
_b
平
650
_a
漫画
942
_c
BK
_o
947.411 QTZH v.2
999
_c
7651
_d
7641